<?xml version="1.0" encoding="UTF-8"?>
<collection xmlns="http://www.loc.gov/MARC21/slim">
 <record>
  <leader>00487pamaa2200169   4500</leader>
  <controlfield tag="001">0000023569</controlfield>
  <controlfield tag="005">20060425090000.0</controlfield>
  <datafield tag="020" ind1="0" ind2="0">
   <subfield code="a">0709939515 </subfield>
  </datafield>
  <datafield tag="082" ind1=" " ind2=" ">
   <subfield code="a">155.2 BAN 1986</subfield>
  </datafield>
  <datafield tag="090" ind1="0" ind2="0">
   <subfield code="a">BF698 </subfield>
   <subfield code="b">BAN 1986</subfield>
  </datafield>
  <datafield tag="100" ind1="1" ind2="0">
   <subfield code="a">BANNISTER </subfield>
  </datafield>
  <datafield tag="245" ind1="1" ind2="0">
   <subfield code="a">Inquiring man : </subfield>
   <subfield code="b">the psychology of personal constructs  </subfield>
   <subfield code="c">Don Bannister &amp; Fay Fransella.</subfield>
  </datafield>
  <datafield tag="250" ind1="0" ind2="0">
   <subfield code="a">3rd ed..</subfield>
  </datafield>
  <datafield tag="260" ind1="0" ind2="0">
   <subfield code="a">London: </subfield>
   <subfield code="b">Croom Helm, </subfield>
   <subfield code="c">1986.</subfield>
  </datafield>
  <datafield tag="300" ind1=" " ind2=" ">
   <subfield code="a">viii,194p.; </subfield>
   <subfield code="c">22cm.</subfield>
  </datafield>
  <datafield tag="650" ind1="0" ind2="0">
   <subfield code="a">Personal construct theory </subfield>
  </datafield>
  <datafield tag="700" ind1="1" ind2="1">
   <subfield code="a">FRANSELLA, </subfield>
   <subfield code="h">Fay </subfield>
  </datafield>
 </record>
</collection>
